| 000 | 01727nam2a2200265 4500 | ||
|---|---|---|---|
| 001 | RU\NLR\BIBL_A\022717698 | ||
| 005 | 20260422140605.0 | ||
| 010 |
_a978-5-6054067-2-3 _9250 |
||
| 021 |
_aRU _bКН-П-25-075486 _9КН-П-25-7321 |
||
| 035 | _a(NLR Aleph) 022717698 | ||
| 090 |
_a13546247 _c13546247 |
||
| 100 | _a20260204d2025 u y0rusy50 ca | ||
| 101 | 0 | _arus | |
| 102 | _aRU | ||
| 105 | _aach b 010yc | ||
| 200 | 0 | _aЧ. 2 | |
| 210 | _d2025 | ||
| 215 |
_a276 с _cцв. ил., портр., факс. |
||
| 300 | _aК 80-летию Победы в Великой Отечественной войне 1941–1945 гг. | ||
| 461 | 0 |
_1001RU\NLR\BIBL_A\022717689 _12001#$aАльбом-каталог "Письма с фронта"$d"Чаадаң килгең пічіктер" альбом-каталог$fГосударственное автономное учреждение культуры Республики Хакасия "Хакасский национальный краеведческий музей им. Л. Р. Кызласова"$g[составители: Н. В. Табаева и др.$gавтор идеи: И. Н. Худякова]$zkhk$vЧ. 2 _913696510 _cАбакан _d2025- _e[2-е изд.] _fГосударственное автономное учреждение культуры Республики Хакасия "Хакасский национальный краеведческий музей им. Л. Р. Кызласова" _l"Чаадаң килгең пічіктер" альбом-каталог _n[б. и.] _tАльбом-каталог "Письма с фронта" _vЧ. 2 |
|
| 942 | _cBOOK | ||
| 980 | _aNB | ||